| 000 | 00389nam a2200157Ia 4500 | ||
|---|---|---|---|
| 008 | 230312s9999||||xx |||||||||||||| ||und|| | ||
| 020 | _a81-317-6167-0 | ||
| 082 |
_a621.317 _bRAO-T |
||
| 100 | _aRao;K.L | ||
| 245 | 0 | _aTheory of Power Electronics | |
| 260 |
_bS.Chand _aIndia _c2011 |
||
| 300 | _a653 | ||
| 546 | _aEng. | ||
| 650 |
_aEngineering _vTheory of Power Electronics |
||
| 942 | _cBK | ||
| 999 |
_c7737 _d7737 |
||